| 000 | 00366 a2200145 4500 | ||
|---|---|---|---|
| 999 |
_c5378 _d5378 |
||
| 020 | _a1920076484 | ||
| 050 | _aPL8771 DAV 2004 | ||
| 100 | _aDavhana, G.N. | ||
| 245 |
_aU Thanya a si u ruda mato / _cG.N. Davhana |
||
| 264 |
_aThohoyandou _bKalahari _c2004 |
||
| 300 | _a91p. : | ||
| 500 | _avenda fiction | ||
| 650 | _avenda fiction | ||
| 942 |
_2lcc _cBK _h8771 _iDAV _kPL |
||